Cartas de amor y desamor / (Record no. 112733)
[ view plain ]
| 000 -CABECERA | |
|---|---|
| campo de control de longitud fija | 00712nam a2200193 a 4500 |
| 005 - FECHA Y HORA DE LA ÚLTIMA TRANSACCIÓN | |
| campo de control | 20250404063802.0 |
| 008 - ELEMENTOS DE LONGITUD FIJA--INFORMACIÓN GENERAL | |
| campo de control de longitud fija | 991125s1999 mx 000 0 spa u |
| 020 ## - NÚMERO INTERNACIONAL NORMALIZADO PARA LIBROS | |
| Número Internacional Estándar del Libro | 8489691673 |
| 035 ## - NÚMERO DE CONTROL DEL SISTEMA | |
| Número de control de sistema | UPN01000140585 |
| 049 ## - COLECCIÓN | |
| Colección | CG |
| 050 #4 - SIGNATURA TOPOGRÁFICA DE LA BIBLIOTECA DEL CONGRESO | |
| Número de clasificación | PQ8097 M5 |
| Número de documento/Ítem | C3.7 |
| 100 1# - ASIENTO PRINCIPAL--NOMBRE PERSONAL | |
| Nombre de persona | Mistral, Gabriela, |
| Fechas asociadas al nombre | 1889-1957 |
| 245 10 - MENCIÓN DE TÍTULO | |
| Título | Cartas de amor y desamor / |
| Mención de responsabilidad, etc. | Gabriela Mistral ; pról. Jaime Quezada ; selec. y recop. Sergio Fernández Larraín. |
| 260 ## - PUBLICACIÓN, DISTRIBUCIÓN, ETC. | |
| Lugar de publicación, distribución, etc. | Barcelona, Esp. : |
| Nombre del editor, distribuidor, etc. | Andrés Bello, |
| Fecha de publicación, distribución, etc. | 1999. |
| 300 ## - DESCRIPCIÓN FÍSICA | |
| Extensión | 250 p. : |
| Otras características físicas | il. |
| 600 14 - ASIENTO SECUNDARIO DE MATERIA - NOMBRE PERSONAL | |
| Nombre de persona | Mistral, Gabriela, |
| Fechas asociadas al nombre | 1889-1957 |
| Subdivisión de forma | Correspondencia, memorias, etc. |
| 9 (RLIN) | 1709 |
| 600 14 - ASIENTO SECUNDARIO DE MATERIA - NOMBRE PERSONAL | |
| Nombre de persona | MAGALLANES MOURE, MANUEL, |
| Fechas asociadas al nombre | 1878-1924 - |
| Subdivisión de forma | CORRESPONDENCIA, MEMORIAS, ETC. |
| 9 (RLIN) | 1708 |
| 905 ## - TIPO DE MATERIAL | |
| Tipo de material | Libro |
| Estado de retiro | Estado de pérdida | Fuente del sistema de clasificación o colocación | Estado dañado | No para préstamo | Código de colección | Localización permanente | Ubicación/localización actual | Ubicación en estantería | Fecha de adquisición | Total de préstamos | Renovaciones totales | Clasificación | Código de barras | Fecha visto por última vez | Fecha del último préstamo | Número de copia | Tipo de ítem Koha |
|---|---|---|---|---|---|---|---|---|---|---|---|---|---|---|---|---|---|
| Library of Congress Classification | Colección General | Bib. Gregorio Torres Quintero | Bib. Gregorio Torres Quintero | Planta baja | 09/04/2024 | 31 | 1 | PQ8097 M5 C3.7 | 230994 | 27/01/2025 | 24/01/2025 | 1 | Libro |
